|
|
|
|
| LEADER |
00000nab a2200000 ar4500 |
| 001 |
vtls009954355 |
| 003 |
SK-MaSNL |
| 005 |
20260318124026.0 |
| 008 |
090928c20090918xo |||||||| 000 b|hun |
| 015 |
|
|
|a SNBRB2009/09
|2 snkbucl
|
| 038 |
|
|
|a SNKBUCL
|
| 040 |
|
|
|a DSZK
|b slo
|c DSZK
|e AACR2
|
| 041 |
0 |
|
|a hun
|
| 044 |
|
|
|a xo
|c SK
|
| 080 |
|
|
|a 338.43.02
|x (437.6)
|2 2001
|
| 080 |
|
|
|a 631
|x (437.6)
|2 2001
|
| 080 |
|
|
|a 711.3
|x (437.6)
|2 2001
|
| 080 |
|
|
|a 332.055.2
|x (437.6)
|2 2001
|
| 100 |
1 |
|
|a Molnár, Iván
|4 ivr
|4 aut
|9 274841
|
| 245 |
1 |
0 |
|a Megmenthető még a mezőgazdaság?
|b a kormány a nyilatkozatok szintjén prioritásként kezeli a mezőgazdaságot, de valójában nagymértékben hozzájárult ahhoz, hogy az ágazat a csőd szélére került
|c Molnár Iván, Simon Zsolt
|
| 300 |
|
|
|b Fotogr.
|
| 650 |
0 |
7 |
|a poľnohospodárska politika
|2 SNKPH
|9 2210
|
| 650 |
0 |
7 |
|a poľnohospodárstvo
|2 SNKPH
|9 679
|
| 650 |
0 |
7 |
|a rozvoj vidieka
|2 SNKPH
|9 2927
|
| 650 |
0 |
7 |
|a regionálny rozvoj
|2 SNKPH
|9 2352
|
| 651 |
|
7 |
|a Slovensko
|2 SNKPHgeo
|9 14231
|
| 655 |
|
7 |
|a rozhovory
|2 SNKPH
|9 31831
|
| 700 |
1 |
|
|a Simon, Zsolt,
|d 1970-
|4 ive
|4 aut
|9 103342
|
| 773 |
0 |
|
|t Új szó
|g Évf. 62, sz. 215 (18.9.2009), o. 3
|x 1335-7050
|
| 852 |
|
|
|a SNK
|b KIS3GCP
|
| 852 |
|
|
|a DSZK
|b KIS3GCP
|
| 958 |
|
|
|a HU
|
| 958 |
|
|
|a SK
|
| 999 |
|
|
|c 2673613
|d 2675543
|